Catálogo

FINAL CUT PRO 7 APPLE PRO TRAINING SERIES (Registro nro. 56035)

Detalles MARC
000 -LEADER
fixed length control field 01059nam a2200193 a 4500
001 - CONTROL NUMBER
control field 56035
005 - DATE AND TIME OF LATEST TRANSACTION
control field 20180714051614.0
008 - FIXED-LENGTH DATA ELEMENTS--GENERAL INFORMATION
fixed length control field 140415s2010 xxu 000 0 eng d
020 ## - INTERNATIONAL STANDARD BOOK NUMBER
International Standard Book Number 0321635272
041 ## - LANGUAGE CODE
Language code of text/sound track or separate title eng
082 ## - DEWEY DECIMAL CLASSIFICATION NUMBER
Classification number 778.593
Item number WEY
100 1# - MAIN ENTRY--PERSONAL NAME
Personal name WEYNAND, DIANA
245 10 - TITLE STATEMENT
Title FINAL CUT PRO 7 APPLE PRO TRAINING SERIES
250 ## - EDITION STATEMENT
Edition statement 1a ed.
260 ## - PUBLICATION, DISTRIBUTION, ETC.
Place of publication, distribution, etc. ESTADOS UNIDOS DE AMERICA :
Name of publisher, distributor, etc. DIANA WEYNAND AND SHIRLEY CRAIG,
Date of publication, distribution, etc. 2010
300 ## - PHYSICAL DESCRIPTION
Extent 666
Dimensions 18.8 x 2.5 x 23.2
520 ## - SUMMARY, ETC.
Summary, etc. COMPLETELY REVISED FOR FINAL CUT PRO 7 AND FEATURING NEW FOOTAGE FROM TNTS HIT SHOW LEVERAGE AND THE INTERNATIONAL MUSIC-CREATION EVENT PLAYING FOR CHANGE: PEACE THROUGH MUSIC, THIS BEST-SELLING, APPLE-CERTIFIED GUIDE PROVIDES A STRONG FOUNDATION IN ALL ASPECTS OF VIEDO EDITING. RENOWNED AUTHOR DIANA WEYNAND STARTS WITH BASIC VIDEO EDITING TECHNIQUES AND TAKES YOU ALL THE WAY THROUGH FINAL CUT PROS POWERFUL ADVANCED FEATURES
650 14 - SUBJECT ADDED ENTRY--TOPICAL TERM
Topical term or geographic name entry element CINTAS DE VIDEO
General subdivision EDICION
-- PROCESAMIENTO DE DATOS
-- PELICULAS CINEMATOGRAFICAS
-- EDICION
-- PROCESAMIENTO DE DATO
Existencias
Withdrawn status Lost status Source of classification or shelving scheme Damaged status Not for loan Collection code Home library Current library Shelving location Date acquired Source of acquisition Inventory number Total Checkouts Full call number Barcode Date last seen Date last checked out Price effective from Koha item type
    Dewey Decimal Classification     General Biblioteca Karol Wojtyla Biblioteca Karol Wojtyla Sala general 03/12/2013 Compra 151000000000000000022971   778.593 WEY 84273 05/01/2026 03/12/2015 03/12/2013 Libro
    Dewey Decimal Classification     General Biblioteca Karol Wojtyla Biblioteca Karol Wojtyla Sala general 03/12/2013 Compra 151000000000000000022972   778.593 WEY 84274 05/01/2026 06/11/2015 03/12/2013 Libro